| 000 -LEADER |
| fixed length control field |
01702cam a22003974a 4500 |
| 008 - FIXED-LENGTH DATA ELEMENTS--GENERAL INFORMATION |
| fixed length control field |
100318s2010 enka bc 001 0 eng c |
| 020 ## - INTERNATIONAL STANDARD BOOK NUMBER |
| International Standard Book Number |
9780300165760 (hbk. : alk. paper) |
| 020 ## - INTERNATIONAL STANDARD BOOK NUMBER |
| International Standard Book Number |
0300165765 (hbk. : alk. paper) |
| 050 00 - LIBRARY OF CONGRESS CALL NUMBER |
| Classification number |
N6494.S8 |
| Item number |
S85 2010 |
| 245 04 - TITLE STATEMENT |
| Title |
The surreal house / |
| Statement of responsibility, etc. |
[curated by] Jane Alison ; with essays by Mary Ann Caws ... [et al.]. |
| 260 ## - PUBLICATION, DISTRIBUTION, ETC. (IMPRINT) |
| Place of publication, distribution, etc. |
London : |
| Name of publisher, distributor, etc. |
Barbican Art Gallery ; |
| Place of publication, distribution, etc. |
New Haven, CT : |
| Name of publisher, distributor, etc. |
In association with Yale University Press, |
| Date of publication, distribution, etc. |
2010. |
| 300 ## - PHYSICAL DESCRIPTION |
| Extent |
347 p. : |
| Other physical details |
ill. (some col.) ; |
| Dimensions |
28 cm. |
| 504 ## - BIBLIOGRAPHY, ETC. NOTE |
| Bibliography, etc |
Includes bibliographical references (p. 338-342) and index. |
| 650 #0 - SUBJECT ADDED ENTRY--TOPICAL TERM |
| Topical term or geographic name as entry element |
Surrealism |
| Form subdivision |
Exhibitions. |
| 650 #0 - SUBJECT ADDED ENTRY--TOPICAL TERM |
| Topical term or geographic name as entry element |
Surrealism |
| General subdivision |
Influence |
| Form subdivision |
Exhibitions. |
| 650 #0 - SUBJECT ADDED ENTRY--TOPICAL TERM |
| Topical term or geographic name as entry element |
Dwellings |
| Form subdivision |
Exhibitions. |
| 650 #0 - SUBJECT ADDED ENTRY--TOPICAL TERM |
| Topical term or geographic name as entry element |
Dwellings |
| General subdivision |
Philosophy |
| Form subdivision |
Exhibitions. |
| 650 #0 - SUBJECT ADDED ENTRY--TOPICAL TERM |
| Topical term or geographic name as entry element |
Dwellings |
| General subdivision |
Design |
| Form subdivision |
Exhibitions. |
| 650 #0 - SUBJECT ADDED ENTRY--TOPICAL TERM |
| Topical term or geographic name as entry element |
Interior architecture |
| Form subdivision |
Exhibitions. |
| 650 #0 - SUBJECT ADDED ENTRY--TOPICAL TERM |
| Topical term or geographic name as entry element |
Interior decoration |
| Form subdivision |
Exhibitions. |
| 700 1# - ADDED ENTRY--PERSONAL NAME |
| Personal name |
Alison, Jane |
| 700 1# - ADDED ENTRY--PERSONAL NAME |
| Personal name |
Caws, Mary Ann. |
| 710 2# - ADDED ENTRY--CORPORATE NAME |
| Corporate name or jurisdiction name as entry element |
Barbican Art Gallery. |
| 942 ## - ADDED ENTRY ELEMENTS (KOHA) |
| Source of classification or shelving scheme |
|
| Koha item type |
Hard Covered Materials |
| Classification part |
N6494.S8 S85 2010 |